书目信息 |
| 题名: |
苏菲的世界
|
|
| 作者: | 贾德 著 ;萧宝森 , 孙懿欢, 译 | |
| 分册: | ||
| 出版信息: | 北京 作家出版社 2012.11 |
|
| 页数: | 491页, [5] 页图版 | |
| 开本: | 21cm | |
| 丛书名: | 贾德名作系列 | |
| 单 册: | ||
| 中图分类: | I533.45 | |
| 科图分类: | ||
| 主题词: | 长篇小说--chang pian xiao shuo--挪威--现代 | |
| 电子资源: | ||
| ISBN: | 978-7-5063-6638-0 | |
| 000 | 01372nam 2200301 450 | |
| 001 | 012000004409 | |
| 005 | 20121212163647.9 | |
| 010 | @a978-7-5063-6638-0@dCNY32.00 | |
| 100 | @a20121208d2012 em y0chiy0121 ea | |
| 101 | 1 | @achi@ceng |
| 102 | @aCN@b110000 | |
| 105 | @aaf z 000ay | |
| 106 | @ar | |
| 200 | 1 | @a苏菲的世界@Asu fei de shi jie@f乔斯坦·贾德著@d= Sophie's world@fJostein Gaarder@g萧宝森译@g孙懿欢绘@zeng |
| 210 | @a北京@c作家出版社@d2012.11 | |
| 215 | @a491页, [5] 页图版@c彩图@d21cm | |
| 225 | 2 | @a贾德名作系列@Ajia de ming zuo xi li |
| 306 | @a本书由博达著作权代理有限公司授权出版发 | |
| 330 | @a本书以小说的形式, 通过一名哲学导师向一个叫苏菲的女孩传授哲学知识的经过, 揭示了西方哲学发展的历程。由前苏格拉底时代到萨特, 以及亚里士多德、笛卡尔、黑格尔等人的思想都通过作者生动的笔触跃然纸上, 并配以当时的历史背景加以解释, 引人入胜。评论家认为, 对于那些从未读过哲学课程的人而言, 此书是最为合适的入门书, 而对于那些以往读过一些哲学而已忘得一干二净的人士, 也可起到温故知新的作用。 | |
| 410 | 0 | @12001 @a贾德名作系列 |
| 510 | 1 | @aSophie's world@zeng |
| 606 | 0 | @a长篇小说@Achang pian xiao shuo@y挪威@z现代 |
| 690 | @aI533.45@v5 | |
| 701 | 0 | @a贾德@Ajia de@g(Gaarder, Jostein),@f1952-@4著 |
| 702 | 0 | @a萧宝森@Axiao bao sen@4译 |
| 702 | 0 | @a孙懿欢,@Asun yi huan@f1982-@4绘 |
| 801 | 0 | @aCN@c201605 |
| 905 | @a河南城建学院图书馆@dI533.45@eJ237 | |
| 苏菲的世界/乔斯坦·贾德著= Sophie's world/Jostein Gaarder/萧宝森译/孙懿欢绘.-北京:作家出版社,2012.11 |
| 491页, [5] 页图版:彩图;21cm.-(贾德名作系列) |
| ISBN 978-7-5063-6638-0:CNY32.00 |
| 本书以小说的形式, 通过一名哲学导师向一个叫苏菲的女孩传授哲学知识的经过, 揭示了西方哲学发展的历程。由前苏格拉底时代到萨特, 以及亚里士多德、笛卡尔、黑格尔等人的思想都通过作者生动的笔触跃然纸上, 并配以当时的历史背景加以解释, 引人入胜。评论家认为, 对于那些从未读过哲学课程的人而言, 此书是最为合适的入门书, 而对于那些以往读过一些哲学而已忘得一干二净的人士, 也可起到温故知新的作用。 |
| ● |
| 相关链接 |
|
|
|
正题名:苏菲的世界
索取号:I533.45/J237
 
预约/预借
| 序号 | 登录号 | 条形码 | 馆藏地/架位号 | 状态 | 备注 |
| 1 | 1252655 | 212526550 | 社科二线400B/400B社科库 28排2列1层/ [索取号:I533.45/J237] | 在馆 | |
| 2 | 1252656 | 212526569 | 社科二线400B/400B社科库 28排3列1层/ [索取号:I533.45/J237] | 在馆 | |
| 3 | 1252657 | 212526578 | 社科二线400B/400B社科库 28排2列1层/ [索取号:I533.45/J237] | 在馆 |